| 000 | 00339nam a22001451a 4500 | ||
|---|---|---|---|
| 082 |
_aH3 _bRAJ/K |
||
| 100 | _aRajendra Yadav | ||
| 245 |
_aKhand khand pakhand/ _cby Rajendra Yadav |
||
| 260 |
_aNew Delhi: _bVani, _c2000. |
||
| 300 | _a112p. | ||
| 650 | _aNovel Hindi | ||
| 650 | _aLiterature Hindi | ||
| 650 | _aLiterature | ||
| 942 | _cBK | ||
| 999 |
_c24162 _d24162 |
||